LEADER 02593njm a2200709 a 4500
001 000287358
003 CZ BrMZK
005 20090831113106.0
008 010907s1994 xr f cze d
028 0 3 |a 74321 53210 2  |b BMG Ariola ČR/SR 
040 |a BOA001  |b cze 
080 |a 784.4(086.7)  |2 MRF 
245 0 0 |a Eso hity.  |n 6  |h [zvukový záznam] 
246 3 3 |a Love won't wait 
246 3 3 |a Mr. Wichtig 
246 3 3 |a Ráj 
246 3 3 |a Samba de Janeiro 
246 3 3 |a Tic, tic tac 
246 3 3 |a Turn me on 
246 3 3 |a U.S.S.R. '97 
246 3 3 |a Uh la la la 
246 3 3 |a Bodyshakin' 
246 3 3 |a C u when u get there 
246 3 3 |a Comanchero 
246 3 3 |a Don't speak 
246 3 3 |a Everybody 
246 3 3 |a Here we go 
246 3 3 |a I know that you want me 
246 3 3 |a I still go on 
246 3 3 |a Kiss you all over 
246 3 3 |a Laj, laj 
246 3 3 |a Let it rain 
246 3 3 |a Love shine a light 
260 |a Praha :  |b BMG Ariola ČR/SR,  |c p1997 
300 |a 1 CD ;  |c 12 cm +  |e 1 složený list. 
306 |a 011258 
500 |a Nahr. neuv 
500 |a Durata 75:58 
505 2 |a Everybody, Mr. Wichtig, Comanchero ... [et al.] 
511 0 |a Robin Cook, zpěv; Gary Barlow, zp+v; Daniel Hůlka, zpěv ... [et al.]. Backstreet Boys; Tic Tac Toe; Bellini ... [et al.] 
653 0 |a populární hudba  |a populární písně 
700 1 |a Hůlka, Daniel,  |d 1968-  |7 jn20000401154  |4 prf 
700 1 |a Ledecký, Janek,  |d 1962-  |7 jn19990009912  |4 prf 
700 0 |a Coolio,  |d 1963-2022  |7 xx0043195  |4 prf 
700 0 |a Nana,  |d 1969-  |7 xx0023613  |4 prf 
700 1 |a Barlow, Gary,  |d 1971-  |7 ola2009548080  |4 prf 
710 2 |a 911 (hudební skupina)  |7 mzk2008412490  |4 prf 
700 0 |a Alexia,  |d 1967-  |7 mzk2003201243  |4 prf 
710 2 |a Backstreet Boys (hudební skupina)  |7 ko2002147930  |4 prf 
710 2 |a Paffendorf (hudební skupina)  |7 mzk2003194525 
700 0 |a Chilli,  |d 1971-  |7 mzk2008412550  |4 prf 
710 2 |a E-Rotic (hudební skupina)  |7 mzk2003189313  |4 prf 
710 2 |a Katrina and the Waves (hudební skupina)  |7 mzk2008412561  |4 prf 
710 2 |a No Doubt (hudební skupina)  |7 xx0017825  |4 prf 
710 2 |a No Mercy (hudební skupina)  |7 ko2003174211  |4 prf 
710 2 |a Tic Tac Toe (hudební skupina)  |7 mzk2008451451  |4 prf 
710 2 |a Unique II (hudební skupina)  |7 mzk2008451465  |4 prf 
710 2 |a 'N Sync (hudební skupina)  |7 xx0010682  |4 prf 
910 |a BOA001  |b CD-0005.702,6 
964 |a Hudba populární  |z stol.20.,léta 90.  |x CD 
990 |a AV 
996 6 |b 261H005919  |c CD-0005.702,6  |l MZK  |r Sklad / do 24 hodin  |n 0  |p p.v.  |w 000287358  |u 000010  |a 1  |e BOA001  |j MZK50  |s P